Fluxos interregionals de mercaderies : anàlisi de les fonts estadístiques anàlisi de les fonts estadístiques
Descripción Física:
123 p. : taules ; 31 cm
MARC
| LEADER | 00000nam a2200000Ia 4500 | ||
|---|---|---|---|
| 001 | 21987 | ||
| 008 | 160829s1980 xx 000 0 cat d | ||
| 080 | |a FOL-3-76 | ||
| 245 | |a Fluxos interregionals de mercaderies : |b anàlisi de les fonts estadístiques | ||
| 260 | |a [Barcelona] : |b Consorci d'Informació i Documentació de Catalunya, |c 1980 | ||
| 300 | |a 123 p. : |b taules ; |c 31 cm | ||
| 650 | |a Transport de mercaderies |x Mètodes estadístics |9 39410 | ||
| 650 | |a Distribució de mercaderies |x Estadístiques |x Catalunya |9 39411 | ||
| 710 | 2 | |a Consorci d'Informació i Documentació de Catalunya |9 54862 | |
| 901 | |a Arxiu | ||
| 942 | |n 1 | ||
| 952 | |0 0 |1 0 |4 0 |6 FOL376 |7 1 |9 48997 |a Arxiu |b Arxiu |d 2016-12-01 |l 0 |o FOL-3-76 |p 21987 |r 2016-12-01 00:00:00 |w 2016-12-01 |y ARXIU | ||
| 999 | |c 52832 |d 52832 | ||